Elementary statics

Αποθηκεύτηκε σε:
Λεπτομέρειες βιβλιογραφικής εγγραφής
Κύριος συγγραφέας: Triola, Mario F.
Μορφή: Βιβλίο
Γλώσσα:Undetermined
Έκδοση: Pearson Addsion Wesley London 2003
Θέματα:
Ετικέτες: Προσθήκη ετικέτας
Δεν υπάρχουν, Καταχωρήστε ετικέτα πρώτοι!
Thư viện lưu trữ: Trung tâm Học liệu Trường Đại học Cần Thơ
LEADER 00481nam a2200181Ia 4500
001 CTU_195585
008 210402s9999 xx 000 0 und d
082 |a 519.5 
082 |b T834 
100 |a Triola, Mario F. 
245 0 |a Elementary statics 
245 0 |c Mario F. Triola 
260 |a Pearson Addsion Wesley 
260 |b London 
260 |c 2003 
650 |a Statistics,Thống kế 
904 |i Tuyến 
980 |a Trung tâm Học liệu Trường Đại học Cần Thơ